000 00312nam a2200121Ia 4500
008 190216s9999||||xx |||||||||||||| ||und||
100 _aMithani. D.M
245 0 _aMacro Economic Analysis And Policy
260 _bOxford And Ibh Publishing Co. Pvt Ltd
_c1981
300 _a218p
650 _aEconomics
942 _cBK
999 _c9607
_d9607